Evolución de la cooperación internacional chilena en el sector agrícola (2018) (Record no. 172224)
[ view plain ]
| 000 -LEADER | |
|---|---|
| fixed length control field | 00513nam a2200133Ia 4500 |
| 008 - FIXED-LENGTH DATA ELEMENTS--GENERAL INFORMATION | |
| fixed length control field | 230503t2018||||xx |||||||||||||| ||spa|| |
| 110 ## - MAIN ENTRY--CORPORATE NAME | |
| Corporate name or jurisdiction name as entry element | Oficina de estudios y políticas agrarias |
| 245 #0 - TITLE STATEMENT | |
| Title | Evolución de la cooperación internacional chilena en el sector agrícola (2018) |
| 260 ## - PUBLICATION, DISTRIBUTION, ETC. (IMPRINT) | |
| Place of publication, distribution, etc | Santiago de Chile |
| Name of publisher, distributor, etc | ODEPA |
| Date of publication, distribution, etc | 2018 |
| 260 ## - PUBLICATION, DISTRIBUTION, ETC. (IMPRINT) | |
| Date of publication, distribution, etc | 2018 |
| 300 ## - PHYSICAL DESCRIPTION | |
| Extent | 12 páginas |
| 500 ## - GENERAL NOTE | |
| General note | (CL-D-168) |
| 856 ## - ELECTRONIC LOCATION AND ACCESS | |
| Uniform Resource Identifier | <a href="https://www.odepa.gob.cl/wp-content/uploads/2018/02/evolucionCooperacion.pdf">https://www.odepa.gob.cl/wp-content/uploads/2018/02/evolucionCooperacion.pdf</a> |
| Link text | Click para acceder al recurso |
No items available.